О превращении амидов [L]-галоидозамещенных кислот при действии брома и едкой щелочи; Журнал Русского физико-химического общества. Часть химическая; Т. 37

Manylion Llyfryddiaeth
Parent link:Журнал Русского физико-химического общества. Часть химическая
Т. 37.— 1905.— С. 103
Prif Awdur: Кижнер Н. М.
Iaith:Rwseg
Cyhoeddwyd: 1905
Pynciau:
Fformat: MixedMaterials Pennod Llyfr
KOHA link:https://koha.lib.tpu.ru/cgi-bin/koha/opac-detail.pl?biblionumber=591270

MARC

LEADER 00000naa0a2200000 4500
001 591270
005 20250103163650.0
035 |a (RuTPU)RU\TPU\tpu\1403 
035 |a TPU00001403 
090 |a 591270 
100 |a 20011210d1905 k||y0rusy50 ca 
101 0 |a rus 
102 |a RU 
200 1 |a О превращении амидов [L]-галоидозамещенных кислот при действии брома и едкой щелочи  |f Н. М. Кижнер 
461 |t Журнал Русского физико-химического общества. Часть химическая 
463 |t Т. 37  |v С. 103  |d 1905 
610 1 |a химические науки 
610 1 |a труды учёных ТПУ 
700 1 |a Кижнер  |b Н. М. 
801 0 |a RU  |b 63413507  |c 20011210  |g PSBO 
801 2 |a RU  |b 63413507  |c 20051202  |g PSBO 
942 |c CR